000 00202 a2200097 4500
001 5503
100 _aLightstone,AH
245 _aConcepts of calculas II
260 _a
_bHarper
_c
090 _c4516
_d4516
942 _aNUST-CAE
_cM
_c30841
999 _c240576
_d240576